000 00232nam a2200097Ia 4500
008 230907s9999||||xx |||||||||||||| ||und||
082 _a621.042,ICR
245 0 _aICREGA'14 - renewable energy :
300 _axii, 713p.:
942 _cBK
999 _c597563
_d597563